[Event "Rated Blitz game"]
[Site "?"]
[Date "2021.11.22"]
[Round "?"]
[White "joker-23"]
[Black "Tengo1000cuentas"]
[Result "1-0"]
[WhiteElo "2419"]
[BlackElo "2309"]
[PlyCount "111"]
[EventDate "2021.??.??"]
[EventType "blitz"]

1. e4 e5 2. Nf3 d5 3. d4 exd4 4. exd5 Qxd5 5. Be3 Nf6 6. Nc3 Bb4 7. Bxd4 O-O 8.
Bxf6 Qxd1+ 9. Rxd1 gxf6 10. Kd2 Bd6 11. Bd3 Bf4+ 12. Ke2 Re8+ 13. Kf1 Nc6 14.
g3 Bh3+ 15. Kg1 Bd6 16. Bf1 Bg4 17. Kg2 Ne5 18. Be2 Bf5 19. Nd4 Bd7 20. f4 Nc6
21. Bf3 Bc5 22. Nxc6 Bxc6 23. Bxc6 bxc6 24. Rd3 Re7 25. Rhd1 Kg7 26. Rd7 Rae8
27. Rxe7 Rxe7 28. Rd3 f5 29. Kf1 Bd6 30. Ne2 Bc5 31. Nd4 Bxd4 32. Rxd4 Kf6 33.
Ra4 Rd7 34. Ke2 Ke6 35. Rxa7 Kd5 36. Ra3 Kc5 37. Rc3+ Kb5 38. Re3 c5 39. Re5
Rd4 40. Rxf5 Rc4 41. c3 Re4+ 42. Kf2 Ra4 43. a3 Kc4 44. Rxf7 Kb3 45. Rxc7 Rc4
46. Rb7+ Ka4 47. b3+ Kxa3 48. bxc4 Ka4 49. Ke3 Ka5 50. Rb5+ Ka6 51. Ke4 h5 52.
f5 h4 53. f6 h3 54. f7 Ka7 55. f8=Q Ka6 56. Qa8# {Normal} 1-0

[Event "Rated Rapid game"]
[Site "?"]
[Date "2021.11.22"]
[Round "?"]
[White "MPC455"]
[Black "SuperNezh"]
[Result "0-1"]
[WhiteElo "2380"]
[BlackElo "2502"]
[PlyCount "74"]
[EventDate "2021.??.??"]
[EventType "rapid"]

1. e4 e5 2. Nf3 d5 3. d4 dxe4 4. Nxe5 Nf6 5. Bc4 Be6 6. Bxe6 fxe6 7. Nc3 Be7 8.
Bg5 O-O 9. O-O Nc6 10. Ne2 Nd5 11. Bxe7 Qxe7 12. Nxc6 bxc6 13. Ng3 Rf6 14. Nxe4
Rg6 15. c3 Qh4 16. Ng3 Rh6 17. h3 Nf4 18. Qg4 Qf6 19. Rfe1 Rh4 20. Ne4 Nxh3+
21. Qxh3 Qh6 22. Qxh4 Qxh4 23. Nc5 Rb8 24. Re2 Qh5 25. Rae1 h6 26. b3 Rf8 27.
Rxe6 Qf5 28. R6e2 h5 29. f3 h4 30. Re5 Qg6 31. R5e4 Rxf3 32. Rxh4 Qg3 33. Re8+
Kf7 34. Rhe4 Qf2+ 35. Kh1 Rf5 36. R8e7+ Kg8 37. Re8+ Kh7 {Normal} 0-1

[Event "Rated Blitz game"]
[Site "?"]
[Date "2021.11.22"]
[Round "?"]
[White "ThibautCourtois"]
[Black "Konevoyazher"]
[Result "0-1"]
[WhiteElo "2462"]
[BlackElo "2321"]
[PlyCount "60"]
[EventDate "2021.??.??"]
[EventType "blitz"]

1. e4 e5 2. Nf3 d5 3. Nxe5 dxe4 4. d4 exd3 5. Bxd3 Bd6 6. Nc4 Bc5 7. O-O Ne7 8.
Bg5 O-O 9. Qh5 g6 10. Qh4 Nbc6 11. Re1 Be6 12. Ne3 Qd4 13. Nc3 Qxh4 14. Bxh4
Bxe3 15. Rxe3 Nf5 16. Re4 Nxh4 17. Rxh4 Ne5 18. Be4 c6 19. Re1 Nd7 20. Rf4 Kg7
21. h4 Nf6 22. Bf3 h5 23. g3 Rad8 24. Ra4 a6 25. Rb4 Rd7 26. Na4 Bd5 27. Be2 b5
28. Nc5 Re7 29. Kf1 Rfe8 30. Bd3 Rxe1# {Normal} 0-1

[Event "Rated Blitz game"]
[Site "?"]
[Date "2021.11.22"]
[Round "?"]
[White "Supercampeon64"]
[Black "mirekkk14"]
[Result "1-0"]
[WhiteElo "2414"]
[BlackElo "2402"]
[PlyCount "65"]
[EventDate "2021.??.??"]
[EventType "blitz"]

1. e4 e5 2. Nf3 d5 3. exd5 e4 4. Qe2 Nf6 5. d3 Qxd5 6. Nfd2 Qa5 7. dxe4 a6 8.
Nc3 Nc6 9. Nc4 Qc5 10. Be3 Qb4 11. a3 Qe7 12. Nd5 Nxd5 13. exd5 Ne5 14. O-O-O
Bf5 15. Bc5 Nd3+ 16. cxd3 Qxe2 17. Bxe2 Bxc5 18. g4 Bg6 19. f4 f5 20. Ne5 O-O-O
21. gxf5 Bxf5 22. Nf7 Be3+ 23. Kc2 Rhf8 24. Nxd8 Rxd8 25. Rhf1 g6 26. Bf3 Bxf4
27. Be4 Bxh2 28. Rh1 Be5 29. Rxh7 Kb8 30. Rf1 b5 31. Bxf5 gxf5 32. Rxf5 Rxd5
33. d4 {Normal} 1-0

[Event "Rated Blitz game"]
[Site "?"]
[Date "2021.11.22"]
[Round "?"]
[White "TeMagnus"]
[Black "khalid_ontawar"]
[Result "1-0"]
[WhiteElo "2486"]
[BlackElo "2500"]
[PlyCount "93"]
[EventDate "2021.??.??"]
[EventType "blitz"]

1. e4 e5 2. Nf3 d5 3. exd5 e4 4. Qe2 Nf6 5. d3 Bf5 6. Nc3 Bb4 7. Bg5 Bxc3+ 8.
bxc3 O-O 9. Bxf6 exf3 10. Bxd8 fxe2 11. Bxc7 exf1=Q+ 12. Kxf1 Na6 13. Bf4 Rad8
14. c4 Nc5 15. Ke2 Rfe8+ 16. Kd2 f6 17. Be3 b6 18. a4 Nd7 19. a5 Rb8 20. Rhb1
Nc5 21. axb6 axb6 22. Ra7 Bg6 23. Bxc5 bxc5 24. Rxb8 Rxb8 25. Rc7 h5 26. Rxc5
Be8 27. Rc7 Rd8 28. Kc3 Rd7 29. Rc8 Kf7 30. Kd4 Re7 31. c5 Re2 32. c4 Rxf2 33.
c6 Ke7 34. c5 Rf4+ 35. Kc3 Rf5 36. d6+ Kf7 37. d4 Rd5 38. Kc4 Rf5 39. d7 Bxd7
40. cxd7 Rf2 41. d8=Q Kg6 42. Qe8+ Kh6 43. Qe3+ g5 44. Qxf2 h4 45. Qxf6+ Kh5
46. Rh8+ Kg4 47. Qf3# {Normal} 1-0

[Event "Rated Blitz game"]
[Site "?"]
[Date "2021.11.22"]
[Round "?"]
[White "deek741"]
[Black "DOOGE228"]
[Result "0-1"]
[WhiteElo "2446"]
[BlackElo "2466"]
[PlyCount "98"]
[EventDate "2021.??.??"]
[EventType "blitz"]

1. e4 e5 2. Nf3 d5 3. Nxe5 Bd6 4. d4 dxe4 5. Nc4 Nf6 6. Nc3 O-O 7. Be3 Nc6 8.
d5 Ne5 9. Qd2 Bg4 10. h3 Bh5 11. Bd4 Re8 12. Nxd6 cxd6 13. Be2 Bg6 14. O-O a6
15. a4 Rc8 16. b3 Nh5 17. Nxe4 Bxe4 18. Bxh5 Qh4 19. Bxe5 Rxe5 20. Bg4 Rxc2 21.
Qd1 h5 22. Bf3 Rxd5 23. Qxc2 Bxc2 24. Bxd5 Qg5 25. Bc4 Be4 26. f3 Bc6 27. Rad1
d5 28. Bd3 d4 29. Rde1 g6 30. Be4 Bd7 31. Kh1 b5 32. axb5 Bxb5 33. Rf2 Qg3 34.
Kg1 Qf4 35. Rc2 d3 36. Rc8+ Kg7 37. Rd8 f5 38. Bb7 d2 39. Rd1 Qe3+ 40. Kh1 Qe1+
41. Rxe1 dxe1=Q+ 42. Kh2 h4 43. Rd7+ Kh6 44. Rd4 Qe5+ 45. Kh1 Qxd4 46. Bc6 Kg5
47. Bxb5 Kf4 48. Bc6 Kg3 49. Be4 Qd1# {Normal} 0-1

[Event "Rated Blitz game"]
[Site "?"]
[Date "2021.11.22"]
[Round "?"]
[White "MATALON"]
[Black "StoqnOrlinovStoqnov"]
[Result "0-1"]
[WhiteElo "2468"]
[BlackElo "2611"]
[PlyCount "170"]
[EventDate "2021.??.??"]
[EventType "blitz"]

1. e4 e5 2. Nf3 d5 3. exd5 e4 4. Qe2 Qe7 5. Nd4 Nf6 6. d3 Nbd7 7. Nc3 exd3 8.
Qxe7+ Bxe7 9. Bxd3 Nb6 10. Bb5+ Bd7 11. Bxd7+ Kxd7 12. Nf5 Nfxd5 13. Nxd5 Nxd5
14. O-O g6 15. Rd1 gxf5 16. Rxd5+ Ke6 17. Rd3 Bd6 18. Bd2 Rhe8 19. Kf1 f4 20.
Re1+ Kf6 21. Rd1 Re6 22. Rf3 Kf5 23. Bxf4 Bxf4 24. g3 Re4 25. gxf4 Rae8 26.
Rd5+ Kf6 27. Rd7 R8e7 28. Rxe7 Rxe7 29. Re3 Rd7 30. Ke2 Kf5 31. Kf3 Rd2 32. Rc3
c6 33. Rc5+ Ke6 34. Ke3 Rd1 35. Rh5 Rb1 36. b3 Rb2 37. Kd3 Rxa2 38. Rxh7 Ra1
39. Rh6+ Kf5 40. Rh7 Kg6 41. Rh8 Rf1 42. Rb8 b6 43. Rb7 Ra1 44. f5+ Kf6 45. h4
c5 46. h5 Kxf5 47. Rxf7+ Kg5 48. Rh7 Rf1 49. Rxa7 Rxf2 50. Rb7 Rf6 51. Kc4 Rf4+
52. Kc3 Rf6 53. Kc4 Rf4+ 54. Kb5 Rf2 55. c3 Rb2 56. Kc4 Kxh5 57. Rxb6 Rc2 58.
Rc6 Kg5 59. Rxc5+ Kf6 60. Rd5 Ke6 61. Rd4 Rc1 62. b4 Rb1 63. Kc5 Rc1 64. c4 Rh1
65. b5 Rh8 66. Rd5 Rc8+ 67. Kb4 Rh8 68. Rd2 Rh1 69. c5 Rb1+ 70. Ka5 Rh1 71. Kb6
Rh8 72. c6 Rb8+ 73. Kc5 Rh8 74. b6 Rh5+ 75. Kb4 Rh4+ 76. Kb5 Rh5+ 77. Ka6 Rc5
78. c7 Rc1 79. Kb7 Ke5 80. c8=Q Rf1 81. Qe8+ Kf4 82. Rd4+ Kg3 83. Qg8+ Kf2 84.
Qg4 Ke1 85. Rd1+ Kf2 {Time forfeit} 0-1

[Event "Rated Blitz game"]
[Site "?"]
[Date "2021.11.22"]
[Round "?"]
[White "riserman"]
[Black "Konevoyazher"]
[Result "1-0"]
[WhiteElo "2419"]
[BlackElo "2352"]
[PlyCount "65"]
[EventDate "2021.??.??"]
[EventType "blitz"]

1. e4 e5 2. Nf3 d5 3. exd5 Bd6 4. Nc3 Nf6 5. Bc4 O-O 6. d3 h6 7. O-O Nbd7 8.
Re1 Re8 9. h3 Nb6 10. Bb3 a5 11. a4 Bb4 12. Rxe5 Bxc3 13. bxc3 Nbxd5 14. Bd2
Be6 15. Qe2 c6 16. Re1 Qc7 17. Nd4 Bd7 18. f4 c5 19. Nb5 Bxb5 20. axb5 Nb6 21.
Qf2 a4 22. Ba2 c4 23. Be3 Rxe5 24. fxe5 Nfd5 25. Bd4 cxd3 26. cxd3 Nxc3 27.
Bxb6 Qd7 28. Bc4 a3 29. e6 Qd6 30. exf7+ Kh8 31. Bd4 Nd5 32. Re8+ Kh7 33. f8=N+
{Normal} 1-0

[Event "Rated Blitz game"]
[Site "?"]
[Date "2021.11.21"]
[Round "?"]
[White "ffl0"]
[Black "RCompany_1"]
[Result "1/2-1/2"]
[WhiteElo "2572"]
[BlackElo "2413"]
[PlyCount "134"]
[EventDate "2021.??.??"]
[EventType "blitz"]

1. e4 e5 2. Nf3 d5 3. Nxe5 Bd6 4. d4 dxe4 5. Nc4 Be7 6. Nc3 Nf6 7. Bg5 O-O 8.
Be2 Nc6 9. Be3 Nd5 10. Nxd5 Qxd5 11. O-O Kh8 12. Qd2 Be6 13. Rfd1 Rad8 14. c3
a6 15. Bf4 Rd7 16. b3 Qf5 17. Bg3 b5 18. Ne3 Qg6 19. Qc2 f5 20. d5 f4 21. Bxf4
Rxf4 22. dxe6 Rxd1+ 23. Rxd1 Qxe6 24. Nd5 Rf8 25. Nxc7 Qe5 26. Nd5 Bc5 27. Ne3
Qf4 28. Bf1 Bxe3 29. fxe3 Qxe3+ 30. Kh1 h6 31. Qe2 Qxc3 32. Qxe4 Ne5 33. h3 Nf7
34. Bd3 Ng5 35. Qe7 Qf6 36. Qxf6 Rxf6 37. a4 bxa4 38. bxa4 g6 39. a5 Ne6 40.
Rc1 Nf4 41. Bf1 Rd6 42. Kg1 Rd5 43. Rc6 Rxa5 44. Rf6 g5 45. Rxa6 Rxa6 46. Bxa6
Kg7 47. Kf2 Kf6 48. Bc4 Ng6 49. g3 Ne5 50. Be2 Kf5 51. h4 g4 52. Ke3 Nf7 53.
Bd1 h5 54. Bc2+ Kf6 55. Kf4 Nh6 56. Bd1 Nf7 57. Bxg4 hxg4 58. Kxg4 Ne5+ 59. Kf4
Ng6+ 60. Kg4 Kg7 61. h5 Nh8 62. Kh4 Nf7 63. g4 Kh6 64. g5+ Nxg5 65. Kg4 Nh7 66.
Kf5 Nf6 67. Kf4 Kxh5 {Normal} 1/2-1/2

[Event "Rated Blitz game"]
[Site "?"]
[Date "2021.11.21"]
[Round "?"]
[White "Tokar1987"]
[Black "batasjon"]
[Result "1-0"]
[WhiteElo "2425"]
[BlackElo "2453"]
[PlyCount "91"]
[EventDate "2021.??.??"]
[EventType "blitz"]

1. e4 e5 2. Nf3 d5 3. exd5 e4 4. Qe2 Nf6 5. d3 Qxd5 6. Nc3 Bb4 7. Bd2 Bxc3 8.
Bxc3 O-O 9. dxe4 Nxe4 10. Qd3 Nxc3 11. bxc3 Qa5 12. Be2 Bf5 13. Qd2 Na6 14. O-O
Nc5 15. Qd5 Bxc2 16. Nd4 Be4 17. Qg5 Qxc3 18. Nb5 Qc2 19. Qe3 b6 20. Nd4 Qa4
21. Nb3 Nxb3 22. axb3 Qc6 23. Rac1 Qg6 24. g3 c5 25. Bb5 h5 26. Rfe1 Bf5 27.
Qf4 Be6 28. Bc6 Rad8 29. Be4 Qg4 30. Qe3 Rd4 31. Bf3 Qg6 32. Rcd1 Rfd8 33. Rxd4
Rxd4 34. Qe5 Qf6 35. Qb8+ Kh7 36. Bxh5 Rd2 37. Qf4 Qxf4 38. gxf4 Rb2 39. Re3
Rxb3 40. Re5 g6 41. Be2 Kg7 42. Kg2 Kf6 43. h4 a5 44. Bd1 Rb4 45. Kg3 a4 46. h5
{Time forfeit} 1-0

[Event "Rated Blitz tournament iPhiEtoq"]
[Site "?"]
[Date "2021.11.21"]
[Round "?"]
[White "Artak_Manukyan"]
[Black "Maltinho"]
[Result "0-1"]
[WhiteElo "2409"]
[BlackElo "2618"]
[PlyCount "64"]
[EventDate "2021.??.??"]
[EventType "blitz"]

1. e4 e5 2. Nf3 d5 3. Nxe5 Bd6 4. d4 dxe4 5. Nc4 Nf6 6. Nxd6+ Qxd6 7. Be2 Nc6
8. c3 O-O 9. O-O Bf5 10. h3 Bg6 11. Nd2 Nd5 12. Nc4 Qe7 13. a4 Kh8 14. Re1 f5
15. f4 Qh4 16. Ne5 Nxf4 17. Bxf4 Qxf4 18. Nxc6 bxc6 19. Bf1 Qg3 20. Qd2 f4 21.
Qf2 Qg5 22. b4 Rae8 23. Ra3 e3 24. Qf3 Be4 25. Qg4 Qh6 26. c4 Re6 27. b5 Rg6
28. Qd7 f3 29. Rexe3 fxg2 30. Be2 Qf4 31. Rf3 Bxf3 32. Rxf3 Qc1+ {Normal} 0-1

[Event "Rated Blitz game"]
[Site "?"]
[Date "2021.11.21"]
[Round "?"]
[White "MrTarrasch"]
[Black "batasjon"]
[Result "0-1"]
[WhiteElo "2501"]
[BlackElo "2434"]
[PlyCount "28"]
[EventDate "2021.??.??"]
[EventType "blitz"]

1. e4 e5 2. Nf3 d5 3. exd5 e4 4. Ne5 Qxd5 5. d4 exd3 6. Nxd3 Nf6 7. Nc3 Qf5 8.
Be3 Bd6 9. g3 O-O 10. Bg2 Nc6 11. O-O Be6 12. Qf3 Qg6 13. Rae1 Bg4 14. Nf4 Qxc2
{Normal} 0-1

[Event "Rated Blitz game"]
[Site "?"]
[Date "2021.11.21"]
[Round "?"]
[White "chessishardest"]
[Black "RCompany_1"]
[Result "1-0"]
[WhiteElo "2448"]
[BlackElo "2377"]
[PlyCount "65"]
[EventDate "2021.??.??"]
[EventType "blitz"]

1. e4 e5 2. Nf3 d5 3. Nxe5 Bd6 4. d4 dxe4 5. Qe2 Nf6 6. Nc3 O-O 7. Bg5 Be7 8.
Qe3 Nbd7 9. Nxd7 Nxd7 10. Bxe7 Qxe7 11. f3 f5 12. fxe4 f4 13. Qd2 Qh4+ 14. Qf2
Qh6 15. O-O-O f3+ 16. Rd2 fxg2 17. Qxg2 Nf6 18. h4 Bg4 19. Bc4+ Kh8 20. Bd3 Qh5
21. Rf2 Nd7 22. Rxf8+ Rxf8 23. Rg1 Qh6+ 24. Kb1 Bh5 25. Nb5 c6 26. Nc7 Nf6 27.
Ne6 Rg8 28. e5 Ng4 29. Ng5 Rd8 30. Be2 Ne3 31. Qf2 Bxe2 32. Qxe2 Nf5 33. Nf7+ {
Normal} 1-0

[Event "Rated Blitz tournament AB2s9njP"]
[Site "?"]
[Date "2021.11.21"]
[Round "?"]
[White "Fzy-TCC"]
[Black "arrashii"]
[Result "0-1"]
[WhiteElo "2454"]
[BlackElo "2378"]
[PlyCount "80"]
[EventDate "2021.??.??"]
[EventType "blitz"]

1. e4 e5 2. Nf3 d5 3. exd5 e4 4. Nd4 Qxd5 5. Nb3 Qe5 6. Nc3 Nc6 7. Be2 Nf6 8.
d3 exd3 9. Qxd3 Bf5 10. Qe3 Bxc2 11. Qxe5+ Nxe5 12. Bf4 Bd6 13. Nd4 Bg6 14.
O-O-O a6 15. Rhe1 O-O-O 16. Bg3 Rhe8 17. f4 Neg4 18. f5 Bxg3 19. hxg3 Bh5 20.
Bf3 Ne3 21. Bxh5 Nxd1 22. Rxe8 Rxe8 23. Bxd1 Re3 24. Bf3 Re1+ 25. Kd2 Ra1 26.
Bd1 Nd5 27. Nxd5 Rxa2 28. Kc3 Ra5 29. Bf3 c6 30. Ne7+ Kc7 31. g4 Re5 32. Ng8
Re8 33. Nh6 gxh6 34. Kd3 c5 35. Ne2 Rd8+ 36. Kc4 b6 37. Nf4 Rd4+ 38. Kc3 Rxf4
39. Bd5 f6 40. Bf3 Kd6 {Normal} 0-1

[Event "Rated Blitz game"]
[Site "?"]
[Date "2021.11.21"]
[Round "?"]
[White "Ianniello"]
[Black "Schachelite"]
[Result "1/2-1/2"]
[WhiteElo "2456"]
[BlackElo "2485"]
[PlyCount "89"]
[EventDate "2021.??.??"]
[EventType "blitz"]

1. e4 e5 2. Nf3 d5 3. d3 dxe4 4. dxe4 Qxd1+ 5. Kxd1 Bg4 6. Be2 Nc6 7. c3 O-O-O+
8. Kc2 Bc5 9. Rf1 f6 10. Nbd2 Nge7 11. Nc4 Bh5 12. Be3 Bxe3 13. Nxe3 Bg6 14.
Nd2 Rd6 15. f3 Rhd8 16. Rad1 a6 17. Ndc4 Rxd1 18. Rxd1 Rxd1 19. Kxd1 Bf7 20. a3
Kd8 21. Kc2 Nc8 22. b4 Bxc4 23. Bxc4 Nd6 24. Bd5 Ne7 25. Bb3 c6 26. g3 Kc7 27.
c4 b6 28. a4 c5 29. b5 a5 30. Kd3 Kd7 31. Bd1 Ke6 32. Be2 g6 33. Bf1 f5 34. Bh3
Kf6 35. Bg2 Nf7 36. h4 h5 37. g4 f4 38. g5+ Ke6 39. Bh3+ Kd6 40. Nd1 Nd8 41.
Nc3 Kc7 42. Ne2 Kd6 43. Nc3 Nf7 44. Ne2 Nd8 45. Nc3 {Normal} 1/2-1/2

[Event "Rated Blitz tournament qvZtHYal"]
[Site "?"]
[Date "2021.11.21"]
[Round "?"]
[White "peor2"]
[Black "Mettigel"]
[Result "0-1"]
[WhiteElo "2213"]
[BlackElo "2521"]
[PlyCount "84"]
[EventDate "2021.??.??"]
[EventType "blitz"]

1. e4 e5 2. Nf3 d5 3. d4 dxe4 4. Nxe5 Nd7 5. Nc4 Ngf6 6. Nc3 Bb4 7. Ne3 O-O 8.
Bc4 Re8 9. O-O Nb6 10. Bb3 c6 11. Ne2 Nbd5 12. c3 Bf8 13. Ng3 Be6 14. Nef5 Bxf5
15. Nxf5 Qd7 16. Ng3 Rad8 17. Bg5 Qg4 18. Qd2 h6 19. Bxf6 Nxf6 20. Rae1 Bd6 21.
Qe3 Bf4 22. Qe2 Bxg3 23. Qxg4 Bxh2+ 24. Kxh2 Nxg4+ 25. Kg3 Nf6 26. f3 exf3 27.
Rxe8+ Rxe8 28. Rxf3 Re2 29. Kh3 Kf8 30. g4 Rxb2 31. g5 hxg5 32. Rf5 g4+ 33. Kg3
Rd2 34. Re5 Rd3+ 35. Kg2 Rxc3 36. Ra5 a6 37. Ra4 Rd3 38. Rb4 b5 39. d5 cxd5 40.
Rf4 Ke7 41. Rf1 Ne4 42. Re1 f5 {Normal} 0-1

[Event "Rated Blitz game"]
[Site "?"]
[Date "2021.11.21"]
[Round "?"]
[White "ricjimenez_50"]
[Black "rofaidah"]
[Result "0-1"]
[WhiteElo "2487"]
[BlackElo "2450"]
[PlyCount "80"]
[EventDate "2021.??.??"]
[EventType "blitz"]

1. e4 e5 2. Nf3 d5 3. Nxe5 Qe7 4. d4 f6 5. Nd3 dxe4 6. Nc5 Bf5 7. Be3 b6 8. Nb3
Nd7 9. Nc3 O-O-O 10. Ba6+ Kb8 11. a4 Ne5 12. dxe5 Rxd1+ 13. Rxd1 fxe5 14. Nd5
Qe8 15. a5 Bc8 16. Bxc8 Kxc8 17. axb6 axb6 18. O-O Nf6 19. c4 Nxd5 20. Rxd5 Qe6
21. Rfd1 Be7 22. c5 bxc5 23. Bxc5 Rd8 24. Rxd8+ Bxd8 25. Na5 Qa2 26. b4 Qc2 27.
Rf1 g5 28. h3 h5 29. Nc6 Bf6 30. Ra1 g4 31. hxg4 hxg4 32. g3 Bg5 33. Re1 e3 34.
fxe3 Qd2 35. Rf1 Bxe3+ 36. Kh1 Qd5+ 37. Kh2 Bxc5 38. b5 Qd2+ 39. Kh1 Qh6+ 40.
Kg2 Qh3# {Normal} 0-1

[Event "Rated Blitz game"]
[Site "?"]
[Date "2021.11.21"]
[Round "?"]
[White "qnefe"]
[Black "RCompany_1"]
[Result "1-0"]
[WhiteElo "2440"]
[BlackElo "2386"]
[PlyCount "71"]
[EventDate "2021.??.??"]
[EventType "blitz"]

1. e4 e5 2. Nf3 d5 3. Nxe5 Bd6 4. d4 dxe4 5. Bc4 Bxe5 6. Qh5 Qe7 7. Qxe5 Qxe5
8. dxe5 Nc6 9. Nc3 Nxe5 10. Bb3 Bf5 11. Bf4 f6 12. O-O-O Ne7 13. Rhe1 N7g6 14.
Bg3 Rd8 15. Rxd8+ Kxd8 16. Nxe4 Re8 17. f3 Bxe4 18. Rxe4 f5 19. Re1 f4 20. Bf2
b6 21. Kd2 c5 22. Bd5 Kd7 23. Be4 Re7 24. b3 Nf8 25. c3 g5 26. Kc2 Nfg6 27.
Rd1+ Kc7 28. Rd5 Rd7 29. Rxd7+ Kxd7 30. Be1 h5 31. c4 g4 32. Bc3 Ke6 33. Kd2
gxf3 34. gxf3 Nh4 35. Ke2 Nc6 36. Bxc6 {Normal} 1-0

[Event "Rated Blitz game"]
[Site "?"]
[Date "2021.11.21"]
[Round "?"]
[White "cecile_haussernot"]
[Black "rofaidah"]
[Result "1-0"]
[WhiteElo "2491"]
[BlackElo "2446"]
[PlyCount "53"]
[EventDate "2021.??.??"]
[EventType "blitz"]

1. e4 e5 2. Nf3 d5 3. Nxe5 Qe7 4. d4 f6 5. Nd3 dxe4 6. Nf4 Bf5 7. Nc3 Nc6 8.
Nfd5 Qd7 9. Bf4 Bd6 10. Bxd6 cxd6 11. Nb5 Rc8 12. Qd2 Nge7 13. Nxe7 Qxe7 14.
Qf4 Be6 15. Nxd6+ Kd8 16. Nxc8 Kxc8 17. O-O-O Bxa2 18. d5 Ne5 19. d6 Qd7 20.
Qxe4 Be6 21. f4 Nc6 22. Bb5 Re8 23. Rhe1 Bf7 24. Bxc6 bxc6 25. Qd4 Kb7 26. Qb4+
Ka8 27. Re7 {Normal} 1-0

[Event "Rated Blitz tournament iPhiEtoq"]
[Site "?"]
[Date "2021.11.21"]
[Round "?"]
[White "stambul65"]
[Black "DOOGE228"]
[Result "0-1"]
[WhiteElo "2491"]
[BlackElo "2460"]
[PlyCount "80"]
[EventDate "2021.??.??"]
[EventType "blitz"]

1. e4 e5 2. Nf3 d5 3. d4 dxe4 4. Nxe5 Bd6 5. Nc4 Nf6 6. Nc3 O-O 7. Bg5 Be7 8.
Qd2 Nc6 9. O-O-O Bg4 10. Be2 Bxe2 11. Nxe2 Qd5 12. b3 Rad8 13. c3 b5 14. Bxf6
bxc4 15. Bxe7 Nxe7 16. b4 a5 17. a3 Ra8 18. Kb2 Ra6 19. Ra1 Rfa8 20. Nf4 Qg5
21. h4 Qh6 22. Qe3 f5 23. g3 Qc6 24. f3 Qa4 25. b5 Rb6 26. Kc1 Rxb5 27. Rh2
Rab8 28. Rc2 c5 29. d5 Ng6 30. Nxg6 hxg6 31. fxe4 fxe4 32. Qxe4 Rf8 33. Raa2
Qb3 34. Kd2 Qb1 35. Qe2 Rbb8 36. d6 Rbd8 37. Qxc4+ Kh7 38. Qxc5 Rf6 39. Kd3
Rdxd6+ 40. Kc4 Rc6 {Normal} 0-1

[Event "Rated Blitz tournament iPhiEtoq"]
[Site "?"]
[Date "2021.11.21"]
[Round "?"]
[White "Zero_tolerance"]
[Black "DOOGE228"]
[Result "1/2-1/2"]
[WhiteElo "2489"]
[BlackElo "2456"]
[PlyCount "170"]
[EventDate "2021.??.??"]
[EventType "blitz"]

1. e4 e5 2. Nf3 d5 3. Nxe5 Bd6 4. d4 dxe4 5. Be2 Bxe5 6. dxe5 Qxd1+ 7. Bxd1 Nc6
8. Nc3 Bf5 9. Bf4 Nge7 10. g4 Be6 11. Nxe4 Ng6 12. Bg3 Ngxe5 13. h3 O-O-O 14.
O-O h5 15. f4 Nc4 16. f5 Bd5 17. Nc3 hxg4 18. Nxd5 Rxd5 19. hxg4 Nxb2 20. Bf3
Rd2 21. Rf2 Rhd8 22. Rb1 Nc4 23. Bxc6 bxc6 24. Rb4 R2d4 25. Bf4 Re8 26. c3 Rde4
27. Kg2 a5 28. Rb1 Rd8 29. Kf3 Ree8 30. g5 Rd3+ 31. Kg4 Re4 32. g6 f6 33. Rh1
Ne5+ 34. Kh5 Nf3 35. Bh6 Rf4 36. Bxg7 Rxf5+ 37. Kh6 Rxc3 38. Bf8 Rc4 39. g7 Rg4
40. Rh5 Rff4 41. Kh7 Ng5+ 42. Rxg5 Rh4+ 43. Kg6 Rxf2 44. Rg1 Rhh2 45. Kf7 Rfg2
46. Rxg2 Rxg2 47. g8=Q Rxg8 48. Kxg8 f5 49. Kf7 f4 50. Bc5 Kb7 51. Ke6 Ka6 52.
a4 Kb7 53. Kf5 Kc8 54. Ke4 Kd7 55. Kxf4 Ke6 56. Ke4 Kf6 57. Kd4 Ke6 58. Ba7 Kd6
59. Kc4 c5 60. Bb8 Kc6 61. Ba7 Kb7 62. Bxc5 c6 63. Bd4 Kc7 64. Bc3 Kb7 65. Kc5
Kc7 66. Bxa5+ Kb7 67. Bb6 Ka6 68. a5 Kb7 69. Kc4 Ka6 70. Kc5 Kb7 71. Kd6 c5 72.
Kxc5 Ka6 73. Kc4 Kb7 74. Kb4 Ka6 75. Ka4 Kb7 76. Bd4 Ka6 77. Kb4 Kb7 78. Kb5
Ka8 79. a6 Kb8 80. Ka5 Ka8 81. Bc3 Kb8 82. Bd2 Ka8 83. Bf4 Ka7 84. Bg5 Ka8 85.
Bf6 Ka7 {Time forfeit} 1/2-1/2

[Event "Rated Blitz game"]
[Site "?"]
[Date "2021.11.21"]
[Round "?"]
[White "Tintyn"]
[Black "RCompany_1"]
[Result "0-1"]
[WhiteElo "2415"]
[BlackElo "2402"]
[PlyCount "46"]
[EventDate "2021.??.??"]
[EventType "blitz"]

1. e4 e5 2. Nf3 d5 3. d4 dxe4 4. Nxe5 Bd6 5. Qh5 Qe7 6. Bc4 Be6 7. Bxe6 Qxe6 8.
Nc3 Nf6 9. Qg5 O-O 10. O-O Re8 11. Bf4 h6 12. Qh4 g5 13. Bxg5 hxg5 14. Qxg5+
Kf8 15. f4 Nh7 16. Qh4 Kg7 17. f5 Qf6 18. Qxe4 Nc6 19. Nd5 Bxe5 20. dxe5 Qxe5
21. f6+ Kh8 22. Qxe5 Rxe5 23. Nxc7 Rc8 {Normal} 0-1

[Event "Rated Blitz game"]
[Site "?"]
[Date "2021.11.21"]
[Round "?"]
[White "Dhyey_Agarwal"]
[Black "RCompany_1"]
[Result "1-0"]
[WhiteElo "2494"]
[BlackElo "2381"]
[PlyCount "69"]
[EventDate "2021.??.??"]
[EventType "blitz"]

1. e4 e5 2. Nf3 d5 3. exd5 e4 4. Qe2 Nf6 5. Nc3 Be7 6. Nxe4 Nxd5 7. d4 O-O 8.
Qd3 Bf5 9. c3 Re8 10. Qc2 Bxe4 11. Qxe4 Bf8 12. Ne5 f6 13. Bc4 c6 14. Bd3 g6
15. O-O fxe5 16. dxe5 Nd7 17. e6 N7f6 18. Qe2 Qd6 19. Re1 Re7 20. Bg5 Rae8 21.
c4 Nf4 22. Qf3 Nxd3 23. Red1 Ne5 24. Qf4 Qxe6 25. h3 Nh5 26. Qh4 Rd7 27. Re1
Qf5 28. f4 Bc5+ 29. Kh1 Nxf4 30. Bxf4 Rde7 31. Rf1 Qh5 32. Qg3 Nf7 33. Rad1 Rd8
34. Rxd8+ Nxd8 35. Bd6 {Time forfeit} 1-0

[Event "Rated Blitz game"]
[Site "?"]
[Date "2021.11.21"]
[Round "?"]
[White "MothAndTheFlame"]
[Black "Erow"]
[Result "1-0"]
[WhiteElo "2846"]
[BlackElo "2717"]
[PlyCount "83"]
[EventDate "2021.??.??"]
[EventType "blitz"]

1. e4 e5 2. Nf3 d5 3. exd5 e4 4. Qe2 Nf6 5. d3 Bb4+ 6. c3 O-O 7. dxe4 Bc5 8.
Bg5 Re8 9. Bxf6 Qxf6 10. Nbd2 c6 11. dxc6 Nxc6 12. O-O-O Be6 13. Kb1 Rac8 14.
Nb3 Bb6 15. Nfd4 Bxb3 16. Nxb3 Bxf2 17. Qf3 Bh4 18. Qxf6 Bxf6 19. Bd3 Ne5 20.
Be2 Re7 21. Nd4 a6 22. Nf5 Re6 23. Rhf1 h6 24. Rd6 Rxd6 25. Nxd6 Rd8 26. Nxb7
Rd2 27. Re1 Ng6 28. g3 Nf8 29. Nc5 Rd6 30. Nxa6 Ne6 31. Nb4 Nc5 32. Bc4 Rd2 33.
Re2 Rd1+ 34. Kc2 Rd8 35. Nd3 Nb7 36. e5 Bg5 37. b4 Rc8 38. Kb3 Rb8 39. Bd5 Nd8
40. a4 Be7 41. a5 Kf8 42. a6 {Normal} 1-0

[Event "Rated Blitz game"]
[Site "?"]
[Date "2021.11.21"]
[Round "?"]
[White "TheMa"]
[Black "KamranShirazi"]
[Result "0-1"]
[WhiteElo "2547"]
[BlackElo "2619"]
[PlyCount "50"]
[EventDate "2021.??.??"]
[EventType "blitz"]

1. e4 e5 2. Nf3 d5 3. d3 Nc6 4. Nc3 dxe4 5. dxe4 Qxd1+ 6. Kxd1 Bc5 7. Bb5 Bd7
8. Bxc6 Bxc6 9. Nxe5 Ne7 10. Ke2 f5 11. Be3 Bxe3 12. Kxe3 Bxe4 13. Nxe4 fxe4
14. Kxe4 O-O 15. f4 Rae8 16. g3 g5 17. Rhf1 Ng6 18. Rad1 Rf7 19. Rd5 c6 20. Rc5
Rfe7 21. Rd1 gxf4 22. gxf4 b6 23. Rxc6 Nxe5 24. fxe5 Rxe5+ 25. Kd3 Rd8+ {Normal
} 0-1

[Event "Rated Blitz game"]
[Site "?"]
[Date "2021.11.21"]
[Round "?"]
[White "s1nc0s"]
[Black "JM64"]
[Result "1-0"]
[WhiteElo "2434"]
[BlackElo "2275"]
[PlyCount "35"]
[EventDate "2021.??.??"]
[EventType "blitz"]

1. e4 e5 2. Nf3 d5 3. exd5 Nf6 4. Bc4 e4 5. Nd4 Bd6 6. O-O O-O 7. d3 Ng4 8. h3
Qh4 9. dxe4 h5 10. Nf3 Qe7 11. hxg4 hxg4 12. Ng5 Qe5 13. g3 f6 14. Ne6 Bxe6 15.
dxe6 Re8 16. e7+ Kh8 17. Qxg4 g5 18. Qh5+ {Time forfeit} 1-0

[Event "Rated Blitz game"]
[Site "?"]
[Date "2021.11.21"]
[Round "?"]
[White "Maggir"]
[Black "RCompany_1"]
[Result "0-1"]
[WhiteElo "2460"]
[BlackElo "2378"]
[PlyCount "62"]
[EventDate "2021.??.??"]
[EventType "blitz"]

1. e4 e5 2. Nf3 d5 3. exd5 e4 4. Nd4 Qxd5 5. Nb3 Qe5 6. Nc3 Nc6 7. Qe2 Nf6 8.
h3 Nb4 9. Qb5+ Qxb5 10. Nxb5 Nxc2+ 11. Kd1 Nxa1 12. Nxc7+ Kd8 13. Nxa8 Nxb3 14.
axb3 b6 15. d4 Bb7 16. Nxb6 axb6 17. Bf4 Nd5 18. Bd2 Bb4 19. Bg5+ f6 20. Bh4
Ke7 21. g4 Rd8 22. Bg2 Nf4 23. Bf1 Rxd4+ 24. Kc2 Rd2+ 25. Kc1 Bd5 26. g5 Bxb3
27. gxf6+ gxf6 28. Bb5 Nd3+ 29. Kb1 Rxb2+ 30. Ka1 Ra2+ 31. Kb1 Bc3 {Normal} 0-1